[Event "BCF-chT1a 0809 (4NCL)"]
[Site "England"]
[Date "2008.12.07"]
[Round "4.4"]
[White "Wong, Zi Jing"]
[Black "Palliser, Richard"]
[Result "1/2-1/2"]
[WhiteElo "2414"]
[BlackElo "2407"]
[PlyCount "66"]
[EventDate "2008.10.04"]
[EventType "team-tourn"]
[EventRounds "7"]
[EventCountry "ENG"]
[SourceTitle "CBM 127 Extra"]
[Source "ChessBase"]
[SourceDate "2009.01.08"]
[SourceVersion "2"]
[SourceVersionDate "2009.01.28"]
[SourceQuality "1"]
[WhiteTeam "Cambridge"]
[BlackTeam "White Rose"]
[WhiteTeamCountry "ENG"]
[BlackTeamCountry "ENG"]

1. e4 c5 2. Nf3 d6 3. d4 cxd4 4. Nxd4 Nf6 5. Nc3 a6 6. f4 e5 7. Nf3 Nbd7 8. a4 Be7 9. Bd3 0-0 10. 0-0 Nc5 11. Kh1 exf4 12. Bxf4 Bg4 13. Qd2 Rc8 14. Rae1 Re8 15. h3 Bh5 16. Nd4 Bg6 17. Nf5 Bxf5 18. exf5 d5 19. Be5 d4 20. Ne2 Nh5 21. f6 Bxf6 22. Bxf6 Nxf6 23. Nxd4 Rxe1 24. Rxe1 g6 25. c3 Nxa4 26. Bb1 Nb6 27. Ba2 Qd6 28. Qg5 Rc5 29. Qh4 Re5 30. Rf1 Nbd7 31. Qg3 Kf8 32. Qf4 Qe7 33. Nf3 Rf5 1/2-1/2

[Event "BCF-chT1a 0809 (4NCL)"]
[Site "England"]
[Date "2008.12.06"]
[Round "3.1"]
[White "Wong, Zi Jing"]
[Black "Kosten, Anthony C"]
[Result "0-1"]
[WhiteElo "2414"]
[BlackElo "2510"]
[PlyCount "78"]
[EventDate "2008.10.04"]
[EventType "team-tourn"]
[EventRounds "7"]
[EventCountry "ENG"]
[SourceTitle "CBM 127 Extra"]
[Source "ChessBase"]
[SourceDate "2009.01.08"]
[SourceVersion "2"]
[SourceVersionDate "2009.01.28"]
[SourceQuality "1"]
[WhiteTeam "Cambridge"]
[BlackTeam "Guildford II"]
[WhiteTeamCountry "ENG"]
[BlackTeamCountry "ENG"]

1. e4 e5 2. Nf3 Nc6 3. Bc4 Nf6 4. d3 Bc5 5. Nc3 h6 6. Be3 Bb6 7. Qd2 d6 8. 0-0-0 Ba5 9. h3 Be6 10. Bb3 d5 11. exd5 Nxd5 12. Bc5 Qf6 13. Kb1 Nxc3+ 14. bxc3 0-0-0 15. Bxe6+ Qxe6 16. Rhe1 Rhe8 17. Ba3 Qg6 18. g3 Qf6 19. Ng1 Nd4 20. Bb2 Qc6 21. Re3 Re6 22. Ne2 Nf5 23. Re4 Nd6 24. Rg4 g5 25. Qe3 Bb6 26. Qd2 f5 27. Rb4 a5 28. Rb3 Ne4 29. Qc1 Nxf2 30. Rf1 e4 31. d4 e3 32. Qe1 a4 33. Ra3 Qc4 34. Bc1 Bc5 35. dxc5 Rd1 36. Qxd1 Nxd1 37. Re1 Qxc5 38. Rxd1 Qb5+ 39. Ka1 Rb6 0-1

[Event "Amsterdam ACT op 2nd"]
[Site "Amsterdam"]
[Date "2005.07.24"]
[Round "9"]
[White "Wong, Zi Jing"]
[Black "Van Eekhout, David"]
[Result "1/2-1/2"]
[WhiteElo "2330"]
[BlackElo "2240"]
[PlyCount "81"]
[EventDate "2005.07.16"]
[EventType "swiss"]
[EventRounds "9"]
[EventCountry "NED"]
[SourceTitle "CBM 107 Extra"]
[Source "ChessBase"]
[SourceDate "2005.09.01"]
[SourceVersion "1"]
[SourceVersionDate "2005.09.01"]
[SourceQuality "1"]

1. e4 e5 2. Nf3 Nc6 3. Bc4 Nf6 4. d3 Bc5 5. c3 d6 6. b4 Bb6 7. a4 a5 8. b5 Ne7 9. 0-0 0-0 10. Re1 Ng6 11. Nbd2 h6 12. Nf1 c6 13. Ng3 d5 14. exd5 cxd5 15. Bb3 Re8 16. Ra2 Qc7 17. Be3 Bxe3 18. Rxe3 Qxc3 19. d4 Qc7 20. Rc2 Qd6 21. Nxe5 Nxe5 22. Qe1 Nf3+ 23. gxf3 Be6 24. Qc1 Qf4 25. Ne2 Qg5+ 26. Kh1 Qh4 27. Qg1 Rac8 28. Qg3 Qxg3 29. fxg3 Bf5 30. Rxc8 Rxc8 31. Rc3 Rd8 32. Bd1 Kf8 33. Kg2 Rc8 34. Rxc8+ Bxc8 35. Bc2 Ke7 36. Kf2 Kd6 37. Nf4 Bd7 38. Ke3 Ne8 39. Nh5 g6 40. Nf4 Ng7 41. Ne2 1/2-1/2

[Event "Singapore op"]
[Site "Singapore"]
[Date "2004.12.17"]
[Round "8"]
[White "Rismanto, Ricky"]
[Black "Wong, Zi Jing"]
[Result "1/2-1/2"]
[WhiteElo "2169"]
[BlackElo "2349"]
[PlyCount "97"]
[EventDate "2004.12.11"]
[EventType "swiss"]
[EventRounds "9"]
[EventCountry "SIN"]
[SourceTitle "CBM 103 Extra"]
[Source "ChessBase"]
[SourceDate "2005.01.01"]
[SourceVersion "1"]
[SourceVersionDate "2005.01.01"]
[SourceQuality "1"]

1. e4 c5 2. Nf3 d6 3. Nc3 Nf6 4. Bc4 e6 5. d4 cxd4 6. Nxd4 a6 7. Bb3 Nbd7 8. 0-0 Nc5 9. Qe2 b5 10. e5 dxe5 11. Nc6 Qc7 12. Nxe5 Bd6 13. Bf4 Bb7 14. Rad1 Nxb3 15. cxb3 0-0 16. Bg3 Rfd8 17. Ng4 Ne8 18. Bxd6 Nxd6 19. a3 Rac8 20. Rd2 Nf5 21. Rfd1 h6 22. Qe5 Qe7 23. Ne3 Rxd2 24. Rxd2 Nxe3 25. Qxe3 b4 26. axb4 Qxb4 27. h3 Qxb3 28. Qa7 Qb4 29. Rd7 Qxb2 30. Rxb7 Qxc3 31. Rxf7 a5 32. Rf3 Qc1+ 33. Kh2 Qc7+ 34. Qxc7 Rxc7 35. Ra3 Rc5 36. Rb3 a4 37. Rb8+ Kf7 38. Ra8 Rc4 39. Kg3 Kf6 40. Ra7 g6 41. Ra5 Rb4 42. f3 e5 43. Ra6+ Kf5 44. Ra5 Ke6 45. h4 g5 46. hxg5 hxg5 47. Ra8 Kd6 48. Ra5 Rc4 49. Kf2 1/2-1/2

[Event "Dubai op 6th"]
[Site "Dubai"]
[Date "2004.04.28"]
[Round "9"]
[White "Navabi, Shirin"]
[Black "Wong, Zi Jing"]
[Result "0-1"]
[WhiteElo "2097"]
[BlackElo "2339"]
[PlyCount "30"]
[EventDate "2004.04.19"]
[EventType "swiss"]
[EventRounds "9"]
[EventCountry "UAE"]
[SourceTitle "CBM 101"]
[Source "ChessBase"]
[SourceDate "2004.07.27"]
[SourceVersion "1"]
[SourceVersionDate "2004.07.27"]
[SourceQuality "1"]

1. c4 Nf6 2. Nf3 c5 3. d4 cxd4 4. Nxd4 Nc6 5. Nc3 e6 6. a3 Nxd4 7. Qxd4 b6 8. Nb5 Bc5 9. Nd6+ Ke7 10. Nxc8+ Rxc8 11. Qh4 d5 12. e3 h6 13. cxd5 Qxd5 14. Qg3 Ne4 15. Qf3 Bb4+ 0-1

[Event "Asia Cities-ch 14th"]
[Site "Tagaytay City"]
[Date "2004.03.22"]
[Round "3.1"]
[White "Wong, Zi Jing"]
[Black "Megaranto, Susanto"]
[Result "1/2-1/2"]
[WhiteElo "2339"]
[BlackElo "2458"]
[PlyCount "61"]
[EventDate "2004.03.21"]
[EventType "team"]
[EventRounds "9"]
[EventCountry "PHI"]
[SourceTitle "CBM 099 Extra"]
[Source "ChessBase"]
[SourceDate "2004.05.04"]
[SourceVersion "1"]
[SourceVersionDate "2004.05.04"]
[SourceQuality "1"]
[WhiteTeam "Kuala Lumpur"]
[BlackTeam "Jakarta"]
[WhiteTeamCountry "MAS"]
[BlackTeamCountry "INA"]

1. e4 d5 2. exd5 Qxd5 3. Nc3 Qa5 4. d4 c6 5. Nf3 Nf6 6. Bc4 Bf5 7. 0-0 e6 8. Re1 Bb4 9. Bd2 0-0 10. a3 Bxc3 11. Bxc3 Qc7 12. Nh4 Bg6 13. Nxg6 hxg6 14. Qf3 Nbd7 15. Rad1 Rfe8 16. Bb3 Rad8 17. Bd2 b5 18. Bf4 Qb6 19. Bg5 Rc8 20. c3 a5 21. Qh3 c5 22. dxc5 Nxc5 23. Bc2 Red8 24. Qh4 Rxd1 25. Rxd1 e5 26. Re1 Ncd7 27. Bb3 Nc5 28. Bc2 Ncd7 29. Bb3 Nc5 30. Bc2 Ncd7 31. Bb3 1/2-1/2

[Event "SEA Games op 22nd"]
[Site "Ho Chi Minh City"]
[Date "2003.12.13"]
[Round "9"]
[White "Wong, Zi Jing"]
[Black "Megaranto, Susanto"]
[Result "1/2-1/2"]
[WhiteElo "2311"]
[BlackElo "2437"]
[PlyCount "26"]
[EventDate "2003.12.08"]
[EventType "swiss"]
[EventRounds "9"]
[EventCountry "VIE"]
[SourceTitle "CBM 097 Extra"]
[Source "ChessBase"]
[SourceDate "2004.01.13"]
[SourceVersion "1"]
[SourceVersionDate "2004.01.13"]
[SourceQuality "1"]

1. e4 c6 2. d4 d5 3. f3 e6 4. Nc3 Bb4 5. Bf4 Nf6 6. Qd3 0-0 7. Nge2 b6 8. 0-0-0 a5 9. g4 a4 10. g5 Nfd7 11. h4 a3 12. b3 Ba6 13. Qe3 Re8 1/2-1/2

[Event "Commonwealth-ch"]
[Site "Mumbai"]
[Date "2003.04.25"]
[Round "8"]
[White "Sai, Srinivas"]
[Black "Wong, Zi Jing"]
[Result "1/2-1/2"]
[WhiteElo "2223"]
[BlackElo "2336"]
[PlyCount "66"]
[EventDate "2003.04.20"]
[EventType "swiss"]
[EventRounds "10"]
[EventCountry "IND"]
[SourceTitle "CBM 093 Extra"]
[Source "ChessBase"]
[SourceDate "2003.05.09"]
[SourceVersion "1"]
[SourceVersionDate "2003.05.09"]
[SourceQuality "1"]

1. e4 c5 2. c4 Nc6 3. Nc3 e6 4. g3 Nf6 5. Bg2 d5 6. d3 dxc4 7. dxc4 Qxd1+ 8. Nxd1 Nd4 9. Ne3 Bd6 10. Ne2 Bd7 11. Bd2 Nxe2 12. Kxe2 Bc6 13. f3 Be5 14. Rab1 h5 15. f4 Bd4 16. e5 Ne4 17. Rhd1 0-0-0 18. Bf3 h4 19. g4 Nxd2 20. Rxd2 Bxe3 21. Rxd8+ Rxd8 22. Kxe3 Bxf3 23. Kxf3 Rd2 24. h3 Rh2 25. g5 Rxh3+ 26. Kg2 Rd3 27. Rh1 Rd2+ 28. Kf3 Rxb2 29. Rxh4 Rxa2 30. Rh7 Kd8 31. Rxg7 Ke8 32. g6 fxg6 33. Rxb7 Rc2 1/2-1/2

[Event "Commonwealth-ch"]
[Site "Mumbai"]
[Date "2003.04.23"]
[Round "5"]
[White "Wong, Zi Jing"]
[Black "Vishal, Shah"]
[Result "1-0"]
[WhiteElo "2336"]
[BlackElo "2086"]
[PlyCount "82"]
[EventDate "2003.04.20"]
[EventType "swiss"]
[EventRounds "10"]
[EventCountry "IND"]
[SourceTitle "CBM 093 Extra"]
[Source "ChessBase"]
[SourceDate "2003.05.09"]
[SourceVersion "1"]
[SourceVersionDate "2003.05.09"]
[SourceQuality "1"]

1. e4 c5 2. Nf3 e6 3. d4 cxd4 4. Nxd4 Nf6 5. Nc3 Nc6 6. Nxc6 bxc6 7. Bd3 d5 8. 0-0 Be7 9. b3 0-0 10. Bb2 e5 11. Qe2 Re8 12. Rad1 Bc5 13. Kh1 Ng4 14. exd5 Qh4 15. h3 Nxf2+ 16. Rxf2 Bxf2 17. Rf1 Bg3 18. dxc6 Bf4 19. Qf3 h5 20. Nd5 Bg4 21. Qf2 Qxf2 22. Rxf2 Bg3 23. Rf1 e4 24. hxg4 exd3 25. cxd3 hxg4 26. Rc1 Rac8 27. c7 Bd6 28. Bd4 g3 29. Bxa7 Re5 30. Ne3 Rxc7 31. Rxc7 Bxc7 32. Bd4 Re6 33. Kg1 Bf4 34. Nf1 Rd6 35. Bc5 Rxd3 36. b4 Be5 37. a4 Bd4+ 38. Bxd4 Rxd4 39. Nxg3 Rxb4 40. a5 Ra4 41. Kf2 Rxa5 1-0

[Event "Commonwealth-ch"]
[Site "Mumbai"]
[Date "2003.04.21"]
[Round "3"]
[White "Wong, Zi Jing"]
[Black "Meera, Sai Ravi"]
[Result "0-1"]
[WhiteElo "2336"]
[BlackElo "2157"]
[PlyCount "58"]
[EventDate "2003.04.20"]
[EventType "swiss"]
[EventRounds "10"]
[EventCountry "IND"]
[SourceTitle "CBM 093 Extra"]
[Source "ChessBase"]
[SourceDate "2003.05.09"]
[SourceVersion "1"]
[SourceVersionDate "2003.05.09"]
[SourceQuality "1"]

1. e4 e5 2. Nf3 Nc6 3. Bc4 Bc5 4. c3 Nf6 5. d3 a6 6. 0-0 Ba7 7. d4 Nxe4 8. dxe5 0-0 9. b4 Kh8 10. Qd3 f5 11. exf6 Nxf6 12. Bg5 d6 13. Bb3 Qe8 14. Nbd2 Ne5 15. Nxe5 Qxe5 16. Nf3 Qe4 17. Qd2 Qg4 18. Bxf6 Rxf6 19. Ng5 Bf5 20. Bd1 Qh4 21. g3 Qh6 22. Bf3 Raf8 23. Rae1 Qg6 24. Kg2 Bd3 25. Be4 Bxf1+ 26. Rxf1 Qe8 27. f3 g6 28. Bxb7 Be3 29. Qd5 Rf5 0-1

[Event "Olympiad-35"]
[Site "Bled"]
[Date "2002.11.10"]
[Round "14.1"]
[White "Wong, Zi Jing"]
[Black "Soln, Primoz"]
[Result "1-0"]
[WhiteElo "2297"]
[BlackElo "2405"]
[PlyCount "63"]
[EventDate "2002.10.26"]
[EventType "team-swiss"]
[EventRounds "14"]
[EventCountry "SLO"]
[SourceTitle "EXT 2003"]
[Source "ChessBase"]
[SourceDate "2002.11.25"]
[SourceVersion "1"]
[SourceVersionDate "2002.11.25"]
[SourceQuality "1"]
[WhiteTeam "Malaysia"]
[BlackTeam "Slovenia III"]
[WhiteTeamCountry "MAS"]
[BlackTeamCountry "SLO"]

1. e4 e6 2. d4 d5 3. Nc3 Nf6 4. e5 Nfd7 5. f4 c5 6. Nf3 Qb6 7. Be3 a6 8. a3 Nc6 9. dxc5 Bxc5 10. Na4 Qa5+ 11. b4 Qxa4 12. bxc5 f6 13. exf6 Nxf6 14. Bd3 Ng4 15. Bd2 e5 16. fxe5 0-0 17. 0-0 Ncxe5 18. Bc3 Nxd3 19. Qxd3 Qe4 20. Rae1 Qxd3 21. cxd3 Nh6 22. Re7 Rf7 23. Re8+ Rf8 24. Rfe1 Nf5 25. g4 Rxe8 26. Rxe8+ Kf7 27. Rh8 Nh6 28. Ne5+ Ke7 29. Rxh7 Be6 30. Rxg7+ Nf7 31. g5 d4 32. Bxd4 1-0

[Event "Olympiad-35"]
[Site "Bled"]
[Date "2002.11.08"]
[Round "13.1"]
[White "Wondimu, Dawit"]
[Black "Wong, Zi Jing"]
[Result "0-1"]
[WhiteElo "2200"]
[BlackElo "2297"]
[PlyCount "74"]
[EventDate "2002.10.26"]
[EventType "team-swiss"]
[EventRounds "14"]
[EventCountry "SLO"]
[SourceTitle "EXT 2003"]
[Source "ChessBase"]
[SourceDate "2002.11.25"]
[SourceVersion "1"]
[SourceVersionDate "2002.11.25"]
[SourceQuality "1"]
[WhiteTeam "Ethiopia"]
[BlackTeam "Malaysia"]
[WhiteTeamCountry "ETH"]
[BlackTeamCountry "MAS"]

1. d4 Nf6 2. c4 c5 3. d5 b5 4. cxb5 a6 5. b6 e6 6. Nc3 Nxd5 7. Nxd5 exd5 8. Qxd5 Nc6 9. Nf3 Rb8 10. Ne5 Qf6 11. Nxc6 dxc6 12. Qf3 Be7 13. Bd2 Qxb2 14. Bc3 Qc2 15. Bxg7 Rg8 16. Qc3 Qg6 17. Be5 Rxb6 18. Rc1 Be6 19. Rd1 c4 20. Qd2 Qe4 21. Bc3 Rg5 22. f3 Qh4+ 23. g3 Rxg3 24. Qd4 Rxf3+ 25. Qxh4 Bxh4+ 26. Kd2 Bg5+ 27. e3 Rxe3 28. h4 Bh6 29. Bd4 c3+ 30. Bxc3 Rh3+ 31. Ke1 Rxh1 32. Bf6 Bd5 33. Kf2 Rb4 34. Re1+ Re4 35. Rxe4+ Bxe4 36. Bxa6 Rh2+ 37. Kg3 Rg2+ 0-1

[Event "Olympiad-35"]
[Site "Bled"]
[Date "2002.11.04"]
[Round "9.1"]
[White "Wong, Zi Jing"]
[Black "Lesiege, Alexandre"]
[Result "0-1"]
[WhiteElo "2297"]
[BlackElo "2531"]
[PlyCount "78"]
[EventDate "2002.10.26"]
[EventType "team-swiss"]
[EventRounds "14"]
[EventCountry "SLO"]
[SourceTitle "EXT 2003"]
[Source "ChessBase"]
[SourceDate "2002.11.25"]
[SourceVersion "1"]
[SourceVersionDate "2002.11.25"]
[SourceQuality "1"]
[WhiteTeam "Malaysia"]
[BlackTeam "Canada"]
[WhiteTeamCountry "MAS"]
[BlackTeamCountry "CAN"]

1. e4 c5 2. Nf3 d6 3. d4 cxd4 4. Nxd4 Nf6 5. Nc3 a6 6. f4 e6 7. Bd3 Nbd7 8. Nf3 Nc5 9. 0-0 b5 10. b4 Nxd3 11. cxd3 d5 12. a3 dxe4 13. dxe4 Bb7 14. Qe2 Rc8 15. Rd1 Qc7 16. Bd2 Be7 17. Rac1 Qb8 18. e5 Nd5 19. Nxd5 Bxd5 20. Rxc8+ Qxc8 21. Rc1 Qb7 22. Be3 0-0 23. Bc5 Bc4 24. Qf2 Bxc5 25. Qxc5 Rd8 26. a4 h6 27. axb5 axb5 28. Re1 Rd3 29. Qf2 Qe7 30. f5 exf5 31. Nd4 g6 32. e6 fxe6 33. Nc6 Qd6 34. Ne5 Rd2 35. Qg3 g5 36. Qa3 Qd4+ 37. Kh1 Qxe5 38. Qa8+ Kh7 39. Qa7+ Qg7 0-1

[Event "Olympiad-35"]
[Site "Bled"]
[Date "2002.11.02"]
[Round "8.1"]
[White "Wong, Zi Jing"]
[Black "Garcia Paolicchi, Raul"]
[Result "1-0"]
[WhiteElo "2297"]
[BlackElo "2269"]
[PlyCount "61"]
[EventDate "2002.10.26"]
[EventType "team-swiss"]
[EventRounds "14"]
[EventCountry "SLO"]
[SourceTitle "EXT 2003"]
[Source "ChessBase"]
[SourceDate "2002.11.25"]
[SourceVersion "1"]
[SourceVersionDate "2002.11.25"]
[SourceQuality "1"]
[WhiteTeam "Malaysia"]
[BlackTeam "Andorra"]
[WhiteTeamCountry "MAS"]
[BlackTeamCountry "AND"]

1. e4 c5 2. Nf3 e6 3. d4 cxd4 4. Nxd4 a6 5. Bd3 d6 6. c4 Nf6 7. Nc3 Bd7 8. f4 Nc6 9. Nf3 Be7 10. 0-0 0-0 11. Qe2 g6 12. Kh1 Rc8 13. b3 b5 14. e5 Ne8 15. Rd1 Nb4 16. Ba3 d5 17. cxd5 Nxd5 18. Bxe7 Nxe7 19. Rac1 Qc7 20. Qd2 Qb7 21. Nd4 Qb6 22. Be4 Bc6 23. Bxc6 Nxc6 24. Ne4 Rc7 25. Nf3 Ne7 26. Qd4 Qxd4 27. Nxd4 Nd5 28. g3 Kg7 29. Nc5 Ra7 30. Ndxe6+ fxe6 31. Nxe6+ 1-0

[Event "Olympiad-35"]
[Site "Bled"]
[Date "2002.10.26"]
[Round "1.1"]
[White "Wong, Zi Jing"]
[Black "Malisauskas, Vidmantas"]
[Result "1/2-1/2"]
[WhiteElo "2297"]
[BlackElo "2521"]
[PlyCount "35"]
[EventDate "2002.10.26"]
[EventType "team-swiss"]
[EventRounds "14"]
[EventCountry "SLO"]
[SourceTitle "EXT 2003"]
[Source "ChessBase"]
[SourceDate "2002.11.25"]
[SourceVersion "1"]
[SourceVersionDate "2002.11.25"]
[SourceQuality "1"]
[WhiteTeam "Malaysia"]
[BlackTeam "Lithuania"]
[WhiteTeamCountry "MAS"]
[BlackTeamCountry "LTU"]

1. e4 c5 2. Nf3 d6 3. d4 cxd4 4. Nxd4 Nf6 5. Nc3 a6 6. f4 e5 7. Nf3 Qc7 8. a4 Be7 9. Bd3 Nc6 10. 0-0 Nb4 11. Kh1 0-0 12. Qe2 Re8 13. Bc4 Be6 14. Bxe6 fxe6 15. a5 Rac8 16. Ra4 d5 17. fxe5 Nxe4 18. Nxe4 1/2-1/2

[Event "Dhaka New White Plus op"]
[Site "Dhaka"]
[Date "2002.04.08"]
[Round "10"]
[White "Rahman, Syed Mahfuzur"]
[Black "Wong, Zi Jing"]
[Result "1-0"]
[WhiteElo "2267"]
[BlackElo "2256"]
[PlyCount "76"]
[EventDate "2002.03.30"]
[EventType "swiss"]
[EventRounds "11"]
[EventCountry "BAN"]
[SourceTitle "CBM 087 Extra"]
[Source "ChessBase"]
[SourceDate "2002.05.03"]
[SourceVersion "2"]
[SourceVersionDate "2002.08.09"]
[SourceQuality "1"]

1. e4 c5 2. Nf3 d6 3. d4 cxd4 4. Nxd4 Nf6 5. Nc3 a6 6. a4 e5 7. Nb3 Be7 8. Bc4 Be6 9. Bd5 Bxd5 10. exd5 Nbd7 11. 0-0 b6 12. f4 0-0 13. fxe5 Nxe5 14. Nd4 g6 15. Kh1 Rc8 16. Qe2 a5 17. Bf4 Nfd7 18. Ne4 Re8 19. Rae1 Nc5 20. Bxe5 Nxe4 21. Qxe4 dxe5 22. Nc6 Qd6 23. Qxe5 Qxe5 24. Rxe5 Bd6 25. Ree1 f5 26. g3 Kf7 27. Kg2 Kf6 28. Kf3 g5 29. c3 h5 30. Na7 Rcd8 31. Nb5 Rxe1 32. Rxe1 Be5 33. Rd1 Re8 34. Na3 Rc8 35. Nb5 g4+ 36. Kg2 h4 37. gxh4 f4 38. h3 Rh8 1-0

[Event "Dhaka New White Plus op"]
[Site "Dhaka"]
[Date "2002.03.31"]
[Round "2"]
[White "Goloshchapov, Alexander"]
[Black "Wong, Zi Jing"]
[Result "1/2-1/2"]
[WhiteElo "2545"]
[BlackElo "2256"]
[PlyCount "48"]
[EventDate "2002.03.30"]
[EventType "swiss"]
[EventRounds "11"]
[EventCountry "BAN"]
[SourceTitle "CBM 087 Extra"]
[Source "ChessBase"]
[SourceDate "2002.05.03"]
[SourceVersion "2"]
[SourceVersionDate "2002.08.09"]
[SourceQuality "1"]

1. e4 c5 2. Nf3 d6 3. d4 cxd4 4. Nxd4 Nf6 5. Nc3 a6 6. Be3 Ng4 7. Bg5 h6 8. Bh4 g5 9. Bg3 Bg7 10. h3 Ne5 11. Nf5 Bxf5 12. exf5 Nbd7 13. Be2 Rc8 14. 0-0 0-0 15. h4 Nc4 16. Bxc4 Rxc4 17. hxg5 hxg5 18. Qe2 Rc5 19. Rae1 Bxc3 20. bxc3 Rxc3 21. Bh4 f6 22. Bxg5 Rf7 23. Bh6 Rh7 24. Qd2 Rc5 1/2-1/2

[Event "Dhaka New White Plus op"]
[Site "Dhaka"]
[Date "2002.03.30"]
[Round "1"]
[White "Wong, Zi Jing"]
[Black "Barua, Dibyendu"]
[Result "1/2-1/2"]
[WhiteElo "2256"]
[BlackElo "2515"]
[PlyCount "78"]
[EventDate "2002.03.30"]
[EventType "swiss"]
[EventRounds "11"]
[EventCountry "BAN"]
[SourceTitle "CBM 087 Extra"]
[Source "ChessBase"]
[SourceDate "2002.05.03"]
[SourceVersion "2"]
[SourceVersionDate "2002.08.09"]
[SourceQuality "1"]

1. e4 e6 2. d4 d5 3. Nc3 Nf6 4. e5 Nfd7 5. f4 c5 6. Nf3 Nc6 7. Be3 Qb6 8. Na4 Qa5+ 9. c3 cxd4 10. b4 Qc7 11. Nxd4 Nxd4 12. Qxd4 Nb8 13. Qd2 b6 14. Rc1 Nc6 15. a3 Bd7 16. Nb2 Rd8 17. c4 d4 18. Bf2 Be7 19. Nd3 0-0 20. Be2 Bc8 21. 0-0 Bb7 22. Bg3 Qd7 23. Bg4 g6 24. Qf2 Rc8 25. Rfd1 Rfd8 26. Bf3 h5 27. Re1 Re8 28. f5 Bg5 29. Bf4 Bxf4 30. Nxf4 exf5 31. Nd5 Kg7 32. Nf6 Qc7 33. Nxe8+ Rxe8 34. e6 fxe6 35. b5 Na5 36. Bxb7 Nxb7 37. Qxd4+ e5 38. Qc3 Nc5 39. Rcd1 Kh7 1/2-1/2

[Event "Goodricke op 13th"]
[Site "Kolkata"]
[Date "2002.03.19"]
[Round "3"]
[White "Hossain, Enamul"]
[Black "Wong, Zi Jing"]
[Result "0-1"]
[WhiteElo "2426"]
[BlackElo "2256"]
[PlyCount "90"]
[EventDate "2002.03.17"]
[EventType "swiss"]
[EventRounds "11"]
[EventCountry "IND"]
[SourceTitle "CBM 088"]
[Source "ChessBase"]
[SourceDate "2002.03.21"]
[SourceVersion "1"]
[SourceVersionDate "2002.03.21"]
[SourceQuality "1"]

1. e4 c5 2. Nf3 d6 3. c3 Nf6 4. Be2 Bg4 5. 0-0 e6 6. h3 Bh5 7. e5 dxe5 8. Nxe5 Bxe2 9. Qxe2 Nbd7 10. Nc4 Be7 11. a4 0-0 12. d3 Nd5 13. Nbd2 Qc7 14. Ne4 N7f6 15. Bd2 Rad8 16. f4 b6 17. Ng5 h6 18. Ne4 a6 19. f5 e5 20. Nxf6+ Bxf6 21. Qe4 Rfe8 22. g3 Bg5 23. Bxg5 hxg5 24. Qf3 Nf6 25. Rfe1 b5 26. axb5 axb5 27. Na3 c4 28. d4 b4 29. Nc2 b3 30. Na3 exd4 31. Nb5 Rxe1+ 32. Rxe1 Qa5 33. Qc6 dxc3 34. Nxc3 Qa7+ 35. Kg2 Rd2+ 36. Re2 Qd4 37. Qf3 Nd5 38. Kf1 Rxe2 39. Nxe2 Qe5 40. g4 c3 41. Qd3 cxb2 42. Qxb3 b1Q+ 43. Qxb1 Qxe2+ 44. Kxe2 Nc3+ 45. Kf3 Nxb1 0-1

[Event "Sea Chess-chT 1st"]
[Site "Kuala Lumpur"]
[Date "2001.09.09"]
[Round "5"]
[White "Chan, Peng Kong"]
[Black "Wong, Zi Jing"]
[Result "1-0"]
[WhiteElo "2393"]
[BlackElo "2267"]
[PlyCount "55"]
[EventDate "2001.09.05"]
[EventType "team"]
[EventRounds "5"]
[EventCountry "MAS"]
[SourceTitle "CBM 084 Extra"]
[Source "ChessBase"]
[SourceDate "2001.10.26"]
[SourceVersion "1"]
[SourceVersionDate "2001.10.26"]
[SourceQuality "1"]

1. d4 Nf6 2. Nf3 c5 3. d5 g6 4. c4 b5 5. Qc2 b4 6. a3 bxa3 7. Rxa3 d6 8. Nc3 Bg7 9. e4 0-0 10. h3 Na6 11. Be2 Nb4 12. Qd1 Ne8 13. Bf4 f5 14. e5 dxe5 15. Bxe5 f4 16. 0-0 Bf5 17. Qd2 Bxe5 18. Nxe5 Qc7 19. Nc6 Nxc6 20. dxc6 Rd8 21. Nd5 e6 22. Nxc7 Rxd2 23. Nxe8 Rxe8 24. Bf3 e5 25. Bd5+ Be6 26. Bxe6+ Rxe6 27. c7 Re8 28. Rb3 1-0